|
|
|
|
| LEADER |
00580nam a22001817a 4500 |
| 003 |
OSt |
| 020 |
|
|
|a 9789384502188
|
| 082 |
|
|
|a 581.15
|b COU/PL
|
| 100 |
|
|
|a Coulter john m
|
| 245 |
|
|
|a Plant genetics
|
| 260 |
|
|
|a Newdelhi
|b Agri0-biovet press
|c 2016
|
| 300 |
|
|
|a 170
|
| 546 |
|
|
|a English
|
| 650 |
|
|
|a Mendels law,Neomendelism,Self sterility,Hybrid vigor
|
| 700 |
|
|
|a Coulter merle c
|
| 942 |
|
|
|2 ddc
|c BK
|
| 999 |
|
|
|c 155659
|d 155659
|
| 952 |
|
|
|0 0
|1 0
|2 ddc
|4 0
|6 581_150000000000000_COUPL
|7 1
|9 154696
|a KAUCLV
|b KAUCLV
|c GENERAL
|d 2017-05-23
|g 1195.00
|o 581.15 COU/PL
|p 226476
|r 2017-05-23
|w 2017-05-23
|y BK
|